[Event "Wuerttemberg-ch KT"]
[White "Baumeister, Juergen"]
[Black "Ordu, Armin"]
[Site "Illertissen"]
[Round "4"]
[Result "1-0"]
[Date "2012.08.28"]
[WhiteElo "1850"]
[BlackElo "1801"]
[PlyCount "85"]
[EventDate "2012.08.25"]
[EventType "swiss"]
[EventRounds "9"]
[EventCountry "GER"]
[SourceTitle "EXT 2017"]
[Source "ChessBase"]
[SourceDate "2016.10.25"]
[SourceVersion "1"]
[SourceVersionDate "2016.10.25"]
[SourceQuality "1"]

1. e4 e5 2. f4 d6 3. Bc4 Nf6 4. Nc3 Bg4 5. Nf3 Be7 6. fxe5 dxe5 7. Bxf7+ Kf8 8. Bb3 Nc6 9. 0-0 Nd4 10. d3 Bxf3 11. Rxf3 Nxf3+ 12. Qxf3 Bc5+ 13. Kh1 c6 14. Bd2 Ke7 15. Ne2 Bd6 16. d4 Kd7 17. dxe5 Bxe5 18. Qf5+ Kc7 19. Qxe5+ Qd6 20. Qxd6+ Kxd6 21. Bf4+ Ke7 22. Rd1 Nxe4 23. Kg1 Rad8 24. Re1 Kf6 25. c3 g5 26. Be3 Rhe8 27. Rf1+ Kg7 28. Rf7+ Kh6 29. h4 Rf8 30. hxg5+ Nxg5 31. Rxb7 Rde8 32. Bxg5+ Kxg5 33. Nd4 Re1+ 34. Kh2 Kh6 35. Bc2 Rh8 36. Nxc6 Re2 37. Nd4 Rf2 38. Rxa7 Rd2 39. a4 Kh5 40. Kh3 Rf2 41. a5 h6 42. Rg7 Rhf8 43. g4# 1-0

[Event "Stuttgart-chB int"]
[White "Baumeister, Juergen"]
[Black "Hartmann, Lorenz"]
[Site "Ditzingen"]
[Round "7"]
[Result "1/2-1/2"]
[Date "2012.05.20"]
[WhiteElo "1850"]
[BlackElo "1887"]
[PlyCount "111"]
[EventDate "2012.05.17"]
[EventType "swiss"]
[EventRounds "7"]
[EventCountry "GER"]
[SourceTitle "EXT 2018"]
[Source "ChessBase"]
[SourceDate "2017.10.13"]
[SourceVersion "1"]
[SourceVersionDate "2017.10.13"]
[SourceQuality "1"]

1. Nc3 g6 2. e4 Bg7 3. d4 d6 4. Be3 Nf6 5. h3 c6 6. Qd2 b5 7. Bd3 a5 8. Bh6 0-0 9. g4 b4 10. Nce2 Ba6 11. Ng3 Bxd3 12. cxd3 e5 13. dxe5 dxe5 14. Bxg7 Kxg7 15. Nf3 Qe7 16. Qg5 Qd8 17. Nxe5 Ra6 18. h4 Nbd7 19. h5 Nxe5 20. Qxe5 Re8 21. Qg5 c5 22. Nf5+ Kh8 23. hxg6 fxg6 24. Qxg6 Ra7 25. 0-0-0 Rg8 26. Qh6 Nxg4 27. Qf4 Qg5 28. Qxg5 Rxg5 29. Rdg1 Nxf2 30. Rxg5 Nxh1 31. Rg2 Ra6 32. Kd2 Rg6 33. Rxg6 hxg6 34. Nd6 Kg7 35. Ke3 Kf6 36. Nb7 g5 37. Kf3 g4+ 38. Kg2 Ke5 39. Nxc5 Kd4 40. Nb3+ Ke3 41. e5 Nf2 42. Nc5 Nh3 43. Kg3 Nf4 44. Kxg4 Nd5 45. e6 Kd4 46. Nb3+ Kxd3 47. Kf5 Kc2 48. Nxa5 Kxb2 49. Ke5 Ne7 50. Kd6 Nf5+ 51. Kd7 Kxa2 52. Kc7 Ka3 53. Kb6 Ka4 54. Ka6 Ne7 55. Nc4 b3 56. Nb2+ 1/2-1/2

[Event "Stuttgart-chB int"]
[White "Baumeister, Juergen"]
[Black "Graf, Maximilian"]
[Site "Ditzingen"]
[Round "3"]
[Result "1-0"]
[Date "2012.05.18"]
[WhiteElo "1850"]
[BlackElo "1629"]
[PlyCount "91"]
[EventDate "2012.05.17"]
[EventType "swiss"]
[EventRounds "7"]
[EventCountry "GER"]
[SourceTitle "EXT 2018"]
[Source "ChessBase"]
[SourceDate "2017.10.13"]
[SourceVersion "1"]
[SourceVersionDate "2017.10.13"]
[SourceQuality "1"]

1. e4 e5 2. Ne2 Nc6 3. d4 exd4 4. Nxd4 Nf6 5. Nxc6 bxc6 6. e5 Qe7 7. Qe2 Nd5 8. c4 Nb6 9. b3 d5 10. Ba3 Qh4 11. Qe3 dxc4 12. Bxf8 Rxf8 13. g3 Qg4 14. Be2 Qe6 15. 0-0 Bb7 16. f4 f5 17. Na3 Nd5 18. Qc5 c3 19. Nc4 Qe7 20. Qf2 Kf7 21. Na5 Rfb8 22. Bc4 Qb4 23. Nxb7 Rxb7 24. Qe2 Ke6 25. Qh5 Rh8 26. Qg5 Qe7 27. Qh5 g6 28. Qf3 Qc5+ 29. Kg2 Ke7 30. Rfe1 Qa3 31. Bxd5 Qb2+ 32. Kh3 cxd5 33. Qxd5 Rbb8 34. Qc5+ Ke6 35. Qc6+ Ke7 36. Qxc7+ Ke6 37. Qd6+ Kf7 38. Qf6+ Kg8 39. Rad1 Rf8 40. Rd8 Rxd8 41. Qxd8+ Kg7 42. Qf6+ Kh6 43. Qg5+ Kg7 44. Rd1 Rf8 45. Rd7+ Kg8 46. Qe7 1-0

[Event "Wuerttemberg-ch KT"]
[White "Baumeister, Juergen"]
[Black "Bauer, Dieter"]
[Site "Lauffen am Neckar"]
[Round "7"]
[Result "0-1"]
[Date "2011.09.02"]
[WhiteElo "1886"]
[BlackElo "1789"]
[PlyCount "86"]
[EventDate "2011.08.26"]
[EventType "swiss"]
[EventRounds "9"]
[EventCountry "GER"]
[SourceTitle "EXT 2017"]
[Source "ChessBase"]
[SourceDate "2016.10.25"]
[SourceVersion "1"]
[SourceVersionDate "2016.10.25"]
[SourceQuality "1"]

1. e4 g6 2. d4 c6 3. c4 Bg7 4. f4 d5 5. cxd5 cxd5 6. e5 h5 7. Bd3 Bg4 8. Qa4+ Nc6 9. Bd2 Nh6 10. Ne2 Bxe2 11. Kxe2 e6 12. Nc3 a6 13. Be3 Kf8 14. b4 Nf5 15. g3 Ncxd4+ 16. Bxd4 Nxd4+ 17. Kf2 Qb6 18. Kg2 Nf5 19. Bxf5 gxf5 20. Rac1 h4 21. Rhe1 hxg3 22. hxg3 Bh6 23. Nxd5 exd5 24. Qd7 Rd8 25. Qxf5 Qe6 26. Qxe6 fxe6 27. Rc7 Rg8 28. Kf3 Rg7 29. Rec1 Rgd7 30. R1c2 Ke8 31. a4 Rxc7 32. Rxc7 Rd7 33. Rc8+ Kf7 34. g4 d4 35. Rc1 Bf8 36. b5 axb5 37. axb5 b6 38. f5 Bc5 39. Ke2 Rd5 40. Rf1 Rxe5+ 41. Kd3 Re3+ 42. Kd2 Rg3 43. Rc1 Rxg4 0-1

[Event "Wuerttemberg-ch KT"]
[White "Baumeister, Juergen"]
[Black "Mayer, Alexander"]
[Site "Lauffen am Neckar"]
[Round "5"]
[Result "1-0"]
[Date "2011.08.31"]
[WhiteElo "1886"]
[BlackElo "1798"]
[PlyCount "49"]
[EventDate "2011.08.26"]
[EventType "swiss"]
[EventRounds "9"]
[EventCountry "GER"]
[SourceTitle "EXT 2017"]
[Source "ChessBase"]
[SourceDate "2016.10.25"]
[SourceVersion "1"]
[SourceVersionDate "2016.10.25"]
[SourceQuality "1"]

1. e4 c5 2. d4 cxd4 3. Nf3 Nc6 4. Nxd4 Nf6 5. Be3 Nxe4 6. f3 Nf6 7. Bc4 e5 8. Nb5 d6 9. Qd2 a6 10. N5c3 b5 11. Bb3 Be7 12. Qf2 Rb8 13. Nd5 Nxd5 14. Bxd5 Bb7 15. Nc3 0-0 16. h4 Kh8 17. Bb6 Qd7 18. Be3 f5 19. Bg5 Qd8 20. 0-0-0 Bxg5+ 21. hxg5 Qxg5+ 22. Kb1 Nd4 23. f4 Qe7 24. Rxh7+ Kxh7 25. Rh1+ 1-0

[Event "Wuerttemberg-ch KT"]
[White "Baumeister, Juergen"]
[Black "Rausch, Adrian"]
[Site "Lauffen am Neckar"]
[Round "3"]
[Result "1-0"]
[Date "2011.08.29"]
[WhiteElo "1886"]
[BlackElo "1611"]
[PlyCount "97"]
[EventDate "2011.08.26"]
[EventType "swiss"]
[EventRounds "9"]
[EventCountry "GER"]
[SourceTitle "EXT 2017"]
[Source "ChessBase"]
[SourceDate "2016.10.25"]
[SourceVersion "1"]
[SourceVersionDate "2016.10.25"]
[SourceQuality "1"]

1. e4 c6 2. c4 e5 3. Nf3 d6 4. d4 Bg4 5. Qb3 Qb6 6. d5 Qxb3 7. axb3 cxd5 8. cxd5 Nf6 9. Nc3 Nbd7 10. b4 Be7 11. Be3 a6 12. Nd2 0-0 13. f3 Bh5 14. h4 h6 15. g4 Bg6 16. h5 Bh7 17. Bd3 Kh8 18. Nf1 Bd8 19. Kd2 Bb6 20. Ng3 Bxe3+ 21. Kxe3 Ng8 22. Rh2 Ne7 23. Rg2 f6 24. Nf5 Bxf5 25. gxf5 Rg8 26. Nb1 Rgc8 27. Nd2 b5 28. Nb3 Rc7 29. Rag1 Rg8 30. Ra1 Ra8 31. Bxb5 Rb8 32. Bxd7 Rxd7 33. Rxa6 Rxb4 34. Ra8+ Kh7 35. Nc1 Rdb7 36. Nd3 Rb8 37. Rxb8 Rxb8 38. b4 Nc8 39. Rc2 Na7 40. f4 Nb5 41. fxe5 fxe5 42. Rc6 Kg8 43. Kd2 Kf7 44. Rc1 Kf6 45. Rg1 Nd4 46. Rg6+ Kf7 47. Rxd6 Nf3+ 48. Kc3 Rc8+ 49. Rc6 1-0

[Event "Wuerttemberg-ch KT"]
[White "Toelg, Wolfgang"]
[Black "Baumeister, Juergen"]
[Site "Lauffen am Neckar"]
[Round "2"]
[Result "1-0"]
[Date "2011.08.28"]
[WhiteElo "1772"]
[BlackElo "1886"]
[PlyCount "73"]
[EventDate "2011.08.26"]
[EventType "swiss"]
[EventRounds "9"]
[EventCountry "GER"]
[SourceTitle "EXT 2017"]
[Source "ChessBase"]
[SourceDate "2016.10.25"]
[SourceVersion "1"]
[SourceVersionDate "2016.10.25"]
[SourceQuality "1"]

1. e4 Nf6 2. e5 Ng8 3. d4 d6 4. f4 dxe5 5. fxe5 e6 6. Nf3 c5 7. c3 cxd4 8. cxd4 Bb4+ 9. Nc3 Ne7 10. a3 Ba5 11. Be3 a6 12. b4 Bc7 13. Bc4 b5 14. Bb3 Bb7 15. 0-0 Bb6 16. Qd3 h6 17. Rad1 Nd5 18. Ne4 0-0 19. Bxh6 f5 20. exf6 gxh6 21. Nc5 Nf4 22. Qe3 Qxf6 23. Nxb7 Ra7 24. Nc5 Bxc5 25. dxc5 Rg7 26. g3 Rg6 27. Kh1 Nd5 28. Bxd5 exd5 29. Nd2 Qc6 30. Rxf8+ Kxf8 31. Qf4+ Kg7 32. Qxb8 d4+ 33. Kg1 Qe6 34. Qf4 Rg4 35. Qf3 h5 36. Rf1 Rg6 37. Qf8+ 1-0

[Event "Wuerttemberg-ch KT"]
[White "Baumeister, Juergen"]
[Black "Schwerteck, Michael"]
[Site "Lauffen am Neckar"]
[Round "1"]
[Result "0-1"]
[Date "2011.08.27"]
[WhiteElo "1886"]
[BlackElo "2099"]
[PlyCount "52"]
[EventDate "2011.08.26"]
[EventType "swiss"]
[EventRounds "9"]
[EventCountry "GER"]
[SourceTitle "EXT 2017"]
[Source "ChessBase"]
[SourceDate "2016.10.25"]
[SourceVersion "1"]
[SourceVersionDate "2016.10.25"]
[SourceQuality "1"]

1. Nc3 d5 2. e4 c6 3. Qf3 Nf6 4. e5 Nfd7 5. d4 e6 6. Qg3 c5 7. Nb5 cxd4 8. Nf3 Nc6 9. a3 a6 10. Nd6+ Bxd6 11. exd6 0-0 12. Bh6 Qf6 13. Bg5 Qg6 14. 0-0-0 h6 15. Bd3 f5 16. h4 e5 17. Be2 Nf6 18. h5 Nxh5 19. Rxh5 Qxh5 20. Be7 f4 21. Qh4 Qxh4 22. Nxh4 Nxe7 23. dxe7 Re8 24. Ng6 Bf5 25. Bh5 Bxg6 26. Bxg6 Rxe7 0-1

[Event "Fellbach Oeffingen op 2nd"]
[White "Heining, Thomas"]
[Black "Baumeister, Juergen"]
[Site "Fellbach Oeffingen"]
[Round "5"]
[Result "1-0"]
[Date "2011.06.13"]
[WhiteElo "1981"]
[BlackElo "1729"]
[PlyCount "55"]
[EventDate "2011.06.11"]
[EventType "swiss"]
[EventRounds "7"]
[EventCountry "GER"]
[SourceTitle "CBM 142 Extra"]
[Source "ChessBase"]
[SourceDate "2011.06.27"]
[SourceVersion "1"]
[SourceVersionDate "2011.06.27"]
[SourceQuality "1"]

1. e4 c5 2. Nf3 e6 3. d4 cxd4 4. Nxd4 Qb6 5. Nb3 Nc6 6. Be3 Qd8 7. a3 Nf6 8. Nc3 d5 9. exd5 Nxd5 10. Nxd5 exd5 11. Be2 Bd6 12. Bf3 Ne7 13. 0-0 0-0 14. Qd2 Qc7 15. Kh1 Be6 16. Nd4 a6 17. Rad1 Rad8 18. Rfe1 Bd7 19. Ne2 Be5 20. Bf4 Bc6 21. Bxe5 Qxe5 22. Nd4 Qc7 23. Re3 Ng6 24. Rde1 Qf4 25. g3 Qg5 26. Bg2 Rd6 27. f4 Qh6 28. Nf5 1-0